| 000 | 00901cam a2200277 i 4500 | ||
|---|---|---|---|
| 001 | 4137698 | ||
| 003 | ARRUPE | ||
| 005 | 20141219161324.0 | ||
| 008 | 781005s1976 za f000 0beng | ||
| 010 | _a 76980613 | ||
| 040 |
_aDLC _cDLC _dDLC |
||
| 043 |
_af-rh--- _af-za--- |
||
| 050 | 0 | 0 |
_aSPC DT962.76.C44 _bS63 1976 |
| 082 | 0 | 0 |
_a364.1/524/0924 _aB |
| 100 |
_aKamanga, Reuben (ch) _913491 |
||
| 245 | 0 | 0 | _aReport of the Special International Commission on the Assassination of Herbert Wiltshire Chitepo. |
| 260 |
_aLusaka : _bs.n., _c1976. |
||
| 300 |
_axvii, 61 p. ; _c22 cm. |
||
| 500 | _aCover title. | ||
| 500 | _aAt head of title: Republic of Zambia. | ||
| 600 | 1 | 0 |
_aChitepo, H. W. _910320 |
| 650 | 0 |
_aAssassination _zZimbabwe _913333 |
|
| 651 | 0 |
_aZimbabwe _xPolitics and government _y1965-1979. _913336 |
|
| 906 |
_a7 _bcbc _corignew _d4 _encip _f19 _gy-gencatlg |
||
| 942 |
_2lcc _cSPC |
||
| 999 |
_c121475 _d121475 |
||